000 00307 a2200157 4500
001 57881
020 _a8516037738
040 _cAnchieta - Pituba
240 1 0 _aMatemática
_lpor
245 1 0 _aMatemática
300 _a314
362 0 _a2003
440 1 _aModerna
650 4 _aMatemática
942 _cBK
999 _c57881
_d57881